| Tag |
First Indicator |
Second Indicator |
Subfields |
| LEADER |
00000cam a22000001a 4500 |
| 001 |
in00003360331 |
| 006 |
m d f |
| 007 |
cr bn mmmapmmp |
| 008 |
100727s2003 dcu o f000 0 eng d |
| 005 |
20260501135449.8 |
| 035 |
|
|
|a cis2007902768
|
| 040 |
|
|
|a ProQuest
|c ProQuest
|d UtOrBLW
|
| 043 |
|
|
|a n-us---
|
| 099 |
|
|
|a CRS-2003-GVF-0531
|
| 110 |
2 |
|
|a Library of Congress.
|b Congressional Research Service.
|
| 245 |
1 |
0 |
|a Major Tax Issues in the 108th Congress.
|
| 264 |
|
1 |
|a [Place of publication not identified] :
|b [publisher not identified],
|c 2003.
|
| 300 |
|
|
|a 1 online resource.
|
| 336 |
|
|
|a text
|b txt
|2 rdacontent
|
| 337 |
|
|
|a computer
|b c
|2 rdamedia
|
| 338 |
|
|
|a online resource
|b cr
|2 rdacarrier
|
| 500 |
|
|
|a Record is based on bibliographic data in ProQuest U.S. Congressional Research Digital Collection (last viewed July 2010). Reuse except for individual research requires license from ProQuest, LLC.
|
| 500 |
|
|
|a CRS Report.
|
| 520 |
|
|
|a Discusses the economic context of tax issues considered by 108th Congress; reviews major tax cut proposals, including P.L. 108-27, the Jobs and Growth Tax Relief and Reconciliation Act; and looks at selected tax issues, including tax cuts for economic stimulus and international taxation.
|
| 500 |
|
|
|a Electronic resource.
|
| 650 |
|
0 |
|a International law.
|
| 650 |
|
0 |
|a Tax incentives.
|
| 655 |
|
7 |
|a Electronic books.
|2 local
|
| 710 |
2 |
|
|a ProQuest (Firm)
|
| 776 |
0 |
8 |
|i Microfiche version:
|a Library of Congress. Congressional Research Service.
|t Major Tax Issues in the 108th Congress
|
| 830 |
|
0 |
|a U.S. Congressional Research.
|
| 856 |
4 |
0 |
|u http://proxy.library.tamu.edu/login?url=https://congressional.proquest.com/congcomp/getdoc?CRDC-ID=CRS-2003-GVF-0531
|z Connect to the full text of this electronic book
|t 0
|
| 999 |
|
|
|a MARS
|
| 999 |
f |
f |
|s 5d696be2-42b3-33fe-937d-0c0b16bc3548
|i e2ec90c9-957d-3015-a80a-5bc2c37cf26a
|t 0
|
| 952 |
f |
f |
|a Texas A&M University
|b College Station
|c Electronic Resources
|s www_evans
|d Available Online
|t 0
|e CRS-2003-GVF-0531
|h Other scheme
|
| 998 |
f |
f |
|a CRS-2003-GVF-0531
|t 0
|l Available Online
|